000
002780000a22001330004500
001
005664
003
MACL
040
_a
MACL
090
_c
17657
_d
17656
245
_a
Taaleem Nama
_b
Ali Deobandi Molvi Zulfiqar
350
_a
1.25
650
_a
Urdu Literature
942
_k
891
_c
Book
999
_c
17546
_d
17546